Asian Actors Quiz Stats

Quiz not verified by Sporcle

Challenge
Share
Tweet
Embed
Score 0/20 Timer 10:00
0 Plays Today
lead or supporting roles in each drama % Correct
Personal Tastelee minho
87.5%
You re Beautiful yong hwa
68.8%
Heartstringspark shin hye
68.8%
Hi My Sweetheartrainie yang
43.8%
Iristop
37.5%
Down with Lovejerry yan
31.3%
Hana Yori Dangoshun oguri
31.3%
It started with a kissariel lin
31.3%
Playful Kisshyun joong
31.3%
Hot Shotshow luo
31.3%
lead or supporting roles in each drama % Correct
Miss No Goodwilber pan
25%
Fated to love Youethan ruan
25%
Miss Ripleymicky yoochun
25%
Hana Kimi (Taiwanese version) ella chen
25%
Code Blue 2tomohisa yamashita
18.8%
Prosecutor Princess lee jong suk
18.8%
All My Lovedoojoon
18.8%
Love or breadjoe cheng
12.5%
The X Familydanson tang
12.5%
Secret Gardenkim ha neul
6.3%

You're not logged in!

Compare scores with friends on all Sporcle quizzes.
Join for Free
OR
Log In

You Might Also Like...

Show Comments

Extras

Top Quizzes Today


Score Distribution

Your Account Isn't Verified!

In order to create a playlist on Sporcle, you need to verify the email address you used during registration. Go to your Sporcle Settings to finish the process.

Report this User

Report this user for behavior that violates our Community Guidelines.

Details: